| 000 | 02747nam a22006017a 4500 | ||
|---|---|---|---|
| 001 | 000001243 | ||
| 003 | CHAP | ||
| 005 | 20220329133014.0 | ||
| 008 | 971013s1986 r 00010 d | ||
| 010 | _a1194 | ||
| 011 | _a2166 | ||
| 035 | _a1357 | ||
| 040 | _cCHAP | ||
| 082 | 0 | 4 |
_a634.928 _bR58 |
| 100 | 0 | 0 |
_aRivero Baños, D. Pioquinto. _997790 |
| 245 | 1 | 0 |
_aAlgunos modelos cuantitativos en la dasonomía : _b: conceptos básicos y aplicaciones. |
| 260 |
_aChapingo, Méx. : _bUACH. División de Ciencias Forestales, _c1986. |
||
| 300 |
_a162 p. _e+ apéndice |
||
| 500 | _a40-193 | ||
| 590 |
_aBATCH-UPD _b10 _c20130110 _lUCH01 _h0114 |
||
| 590 |
_aBATCH-UPD _b10 _c20130110 _lUCH01 _h0900 |
||
| 590 |
_aBATCH-UPD _b10 _c20130409 _lUCH01 _h2106 |
||
| 590 |
_aBATCH-UPD _b10 _c20130410 _lUCH01 _h0529 |
||
| 590 |
_aBATCH-UPD _b10 _c20130914 _lUCH01 _h0701 |
||
| 590 |
_aCONVERSION _b10 _c20130109 _lUCH01 _h1302 |
||
| 590 |
_aE5995AHE _b05 _c20150325 _lUCH01 _h1404 |
||
| 650 | 1 | 4 |
_aBosques _xAdministración. _914003 |
| 650 | 1 | 4 |
_aBosques _xModelos matemáticos. _914339 |
| 650 | 1 | 4 |
_aProcesamiento automático de datos en bosques. _991760 |
| 901 | _aBK | ||
| 942 | _cLIBRO | ||
| 942 | _n0 | ||
| 949 |
_a634.928 R58 _bBC _cLIBRO _d33724000246591 _eLIBRO _h78776 _i1357 _si |
||
| 949 |
_a634.928 R58 _bBC _cLIBRO _d33724000246609 _eLIBRO _fc.2 _h78777 _i1357 _si |
||
| 949 |
_a634.928 R58 _bBC _cLIBRO _d33724000246617 _eLIBRO _fc.3 _h78778 _i1357 _si |
||
| 949 |
_a634.928 R58 _bBC _cLIBRO _d33724000246625 _eLIBRO _fc.4 _h78779 _i1357 _si |
||
| 949 |
_a634.928 R58 _bBC _cLIBRO _d33724000246633 _eLIBRO _fc.6 _h78924 _i1357 _si |
||
| 949 |
_a634.928 R58 _bBC _cLIBRO _d33724000246641 _eLIBRO _fc.7 _h78925 _i1357 _si |
||
| 949 |
_a634.928 R58 _bBC _cLIBRO _d33724000246658 _eLIBRO _fc.8 _h78926 _i1357 _si |
||
| 949 |
_a634.928 R58 _bBC _cLIBRO _d33724000246666 _eLIBRO _fc.9 _h78927 _i1357 _si |
||
| 949 |
_a634.928 R58 _bBC _cLIBRO _d33724000246674 _eLIBRO _fc.10 _h78928 _i1357 _si |
||
| 949 |
_a634.928 R58 _bBC _cUACH _d-71396 _eUACH _fc.5 _h78780 _i1357 _si |
||
| 949 |
_a634.928 R58 _bDCF _cLIBRO _d-5879 _eLIBRO _h3827 _i1357 _si |
||
| 949 |
_a634.928 R58 _bDCF _cLIBRO _d-59110 _eLIBRO _fc.2 _h3828 _i1357 _si |
||
| 949 |
_a634.928 R58 _bDCF _cLIBRO _d-59112 _eLIBRO _fc.3 _h3829 _i1357 _si |
||
| 949 |
_a634.928 R58 _bDCF _cLIBRO _d-59113 _eLIBRO _fc.4 _h3830 _i1357 _si |
||
| 949 |
_a634.928 R58 _bDCF _cLIBRO _d-59115 _eLIBRO _fc.5 _h3831 _i1357 _si |
||
| 949 |
_a634.928 R58 _bDCF _cLIBRO _d-59117 _eLIBRO _fc.6 _h3832 _i1357 _si |
||
| 949 |
_a634.928 R58 _bDCF _cLIBRO _d-59119 _eLIBRO _fc.7 _h3833 _i1357 _si |
||
| 949 |
_a634.928 R58 _bDCF _cLIBRO _d-59120 _eLIBRO _fc.8 _h3834 _i1357 _si |
||
| 949 |
_a634.928 R58 _bDCF _cLIBRO _d-59121 _eLIBRO _fc.9 _h3835 _i1357 _si |
||
| 949 |
_a634.928 R58 _bDCF _cLIBRO _d-59122 _eLIBRO _fc.10 _h3836 _i1357 _si |
||
| 999 |
_c1194 _d1194 |
||